La constitution de l'atome et les raies spectrales / (Record no. 145095)

MARC details
000 -LEADER
campo de control de longitud fija 00703nam a2200181 4500
001 - NÚMERO DE CONTROL
campo de control 145095
003 - IDENTIFICADOR DE NÚMERO DE CONTROL
campo de control ES-MaACL
007 - CAMPO FIJO DE DESCRIPCIÓN FÍSICA--INFORMACIÓN GENERAL
campo de control de longitud fija t|
008 - DATOS DE LONGITUD FIJA--INFORMACIÓN GENERAL
campo de control de longitud fija 070214s1923 fr r ||||1| fre d
100 1# - ENTRADA PRINCIPAL--NOMBRE DE PERSONA
Nombre de persona Sommerfeld, Arnold.
9 (RLIN) 107275
245 13 - MENCIÓN DEL TÍTULO
Título La constitution de l'atome et les raies spectrales /
Mención de responsabilidad, etc. A. Sommerfeld ; traduit sur la troisième édition allemande par H. Bellenot.
260 ## - PUBLICACIÓN, DISTRIBUCIÓN, ETC.
Lugar de publicación, distribución, etc. Paris :
Nombre del editor, distribuidor, etc. Albert Blanchard,
Fecha de publicación, distribución, etc. 1923 (
Lugar de fabricación/manufactura Bar-le-Duc :
Fabricante Comte-Jacquet et Chuquet réunies)
300 ## - DESCRIPCIÓN FÍSICA
Extensión 2 v. :
Otras características físicas il. ;
Dimensiones 25 cm.
490 1# - MENCIÓN DE SERIE
Mención de serie Col. de monographies scientifiques étrangères
830 0# - PUNTO DE ACCESO ADICIONAL DE SERIE-TÍTULO UNIFORME
Título uniforme Col. de monographies scientifiques étrangères
9 (RLIN) 220733
852 ## - LOCALIZACIÓN
Ubicación ES-MaACL
Número de control de estantería B-4382-83
Holdings
Estatus retirado Estado de pérdida Estado de daño No para préstamo Biblioteca de origen Biblioteca actual Ubicación en estantería Fecha de adquisición Fuente de adquisición Total de préstamos Signatura topográfica completa Código de barras Visto por última vez Precio de reemplazo Tipo de ítem Koha
        Biblioteca del Ateneo de Madrid Biblioteca del Ateneo de Madrid Sala Pardo Bazán 17/01/2008     B-4382-83 1151458 23/02/2023 23/02/2023 Libro impreso